|
|
|
|
| LEADER |
01510nam a22003977a 4500 |
| 001 |
EBC165980 |
| 003 |
MiAaPQ |
| 005 |
20200520144314.0 |
| 006 |
m o d | |
| 007 |
cr cn||||||||| |
| 008 |
000320s2001 enka sb 011 0deng d |
| 020 |
|
|
|z 0415208017 (alk. paper)
|
| 035 |
|
|
|a (MiAaPQ)EBC165980
|
| 035 |
|
|
|a (Au-PeEL)EBL165980
|
| 035 |
|
|
|a (CaPaEBR)ebr5002084
|
| 035 |
|
|
|a (CaONFJC)MIL33608
|
| 035 |
|
|
|a (OCoLC)252808788
|
| 040 |
|
|
|a MiAaPQ
|c MiAaPQ
|d MiAaPQ
|
| 050 |
|
4 |
|a HB94
|b .R44 2001
|
| 055 |
0 |
1 |
|a HB94
|
| 055 |
0 |
0 |
|a HB94
|b R44 2001
|
| 082 |
0 |
4 |
|a 330.15
|2 13
|
| 245 |
0 |
0 |
|a Reflections on the classical canon in economics
|h [electronic resource] :
|b essays in honor of Samuel Hollander /
|c edited by Evelyn L. Forget and Sandra Peart.
|
| 260 |
|
|
|a London :
|b Routledge,
|c 2001.
|
| 300 |
|
|
|a xix, 524 p. :
|b ill.
|
| 490 |
1 |
|
|a Routledge studies in the history of economics ;
|v 41
|
| 504 |
|
|
|a Includes bibliographical references and index.
|
| 533 |
|
|
|a Electronic reproduction. Ann Arbor, MI : ProQuest, 2015. Available via World Wide Web. Access may be limited to ProQuest affiliated libraries.
|
| 650 |
|
0 |
|a Classical school of economics.
|
| 650 |
|
0 |
|a Economics
|x History.
|
| 655 |
|
4 |
|a Electronic books.
|
| 700 |
1 |
|
|a Forget, Evelyn L.,
|d 1956-
|
| 700 |
1 |
|
|a Peart, Sandra.
|
| 710 |
2 |
|
|a ProQuest (Firm)
|
| 830 |
|
0 |
|a Routledge studies in the history of economics ;
|v 41.
|
| 856 |
4 |
0 |
|u https://ebookcentral.proquest.com/lib/matrademy/detail.action?docID=165980
|z Click to View
|